000 01028nam a2200289 i 4500
003 DO-SdBNP
005 20240626153840.0
006 a||||gr|||| 00| 0
007 ta
008 240625e1992 sp ||||| |||| 00| m spa d
020 _a8472326314
040 _aDO-SdBNP
_bspa
_cBNPHU
_erda
082 4 _222
_bM671d
245 0 0 _aMiradas desde la otra orilla:
_buna visión de España /
_cPrólogo, ABDELLAH DJBILOU
246 1 3 _a(Antología) Miradas desde la otra orilla:
_buna visión de España.
264 1 _aMadrid, España :
_bAgencia Española de Cooperación Internacional,
_c1992
300 _a171 páginas ;
_c21 cm.
336 _2rdaconten
_atexto
_btxt
337 _2rdamedia
_asin mediación
_bn
338 _2rdacarrier
_avolumen
_bnc
500 _aIncluye datos biográficos de los autores en las páginas 164-167.
500 _aIncluye notas al pie de páginas.
504 _aBibliografía: páginas 9-10
590 _aInventariado 2024 / MF
700 1 _aDJBILOU, ABDELLAH
_eprólogo
_985854
942 _2ddc
_cLBS1
999 _c56984
_d56984